Las transformaciones del derecho / (Record no. 166049)

MARC details
000 -LEADER
campo de control de longitud fija 01035nam a22002655i 4500
001 - NÚMERO DE CONTROL
campo de control 166049
003 - IDENTIFICADOR DE NÚMERO DE CONTROL
campo de control ES-MaACL
005 - FECHA Y HORA DE LA ÚLTIMA TRANSACCIÓN
campo de control 20250914145940.0
008 - DATOS DE LONGITUD FIJA--INFORMACIÓN GENERAL
campo de control de longitud fija 991021q18901900sp |||| | spa d
040 ## - FUENTE DE CATALOGACIÓN
Centro catalogador/agencia de origen M-RAJU
Lengua de catalogación spa
Centro/agencia transcriptor M-RAJU
Centro/agencia modificador CCPB | B
100 1# - ENTRADA PRINCIPAL--NOMBRE DE PERSONA
Nombre de persona Tarde, Gabriel de,
Fechas asociadas al nombre 1843-1904
9 (RLIN) 133127
245 14 - MENCIÓN DEL TÍTULO
Título Las transformaciones del derecho /
Mención de responsabilidad, etc. por G. Tarde ; traducción, prólogo y ciento veinte notas por Adolfo Posada.
260 ## - PUBLICACIÓN, DISTRIBUCIÓN, ETC.
Lugar de publicación, distribución, etc. Madrid :
Nombre del editor, distribuidor, etc. La España Moderna,
Fecha de publicación, distribución, etc. [s.a.]
300 ## - DESCRIPCIÓN FÍSICA
Extensión 325 p. ;
Dimensiones 23 cm.
490 1# - MENCIÓN DE SERIE
Mención de serie Biblioteca de Jurisprudencia, Filosofía e Historia
596 #1 - NOTA AL PIE DE IMPRENTA
NOTA AL PIE DE IMPRENTA El ed. ejerce ca. 1890-1900.
650 #7 - PUNTO DE ACCESO ADICIONAL DE MATERIA--TÉRMINO DE MATERIA
Término de materia o nombre geográfico como elemento de entrada Derecho-
Subdivisión de forma Historia
Fuente del encabezamiento o término
9 (RLIN) 157402
650 #4 - PUNTO DE ACCESO ADICIONAL DE MATERIA--TÉRMINO DE MATERIA
Término de materia o nombre geográfico como elemento de entrada Derecho-
Subdivisión general Filosofía
9 (RLIN) 11620
700 11 - ENTRADA AGREGADA--NOMBRE PERSONAL
Nombre de persona Posada, Adolfo,
Fechas asociadas al nombre 1860-1944
Término indicativo de función/relación
9 (RLIN) 93316
752 ## - ENTRADA AGREGADA--NOMBRE JERÁRQUICO DEL LUGAR
País o entidad superior España -
Ciudad Madrid
830 00 - PUNTO DE ACCESO ADICIONAL DE SERIE-TÍTULO UNIFORME
Título uniforme Biblioteca de jurisprudencia, filosofía e historia
9 (RLIN) 180691
852 ## - LOCALIZACIÓN
Ubicación ES-MaACL
Número de control de estantería F-14901
Nota libre -- Enc. hol.
Encuadernación -- Completar T260: (Imp. de Agustin Avrial)
Holdings
Estatus retirado Estado de pérdida Estado de daño No para préstamo Biblioteca de origen Biblioteca actual Ubicación en estantería Fecha de adquisición Fuente de adquisición Total de préstamos Signatura topográfica completa Código de barras Visto por última vez Precio de reemplazo Tipo de ítem Koha
        Biblioteca del Ateneo de Madrid Biblioteca del Ateneo de Madrid Sala Pecera Planta 2 17/01/2008     F-14901 1174142 23/02/2023 23/02/2023 Libro impreso